[Event "1. OEsterreichische Internet Schach Meisterschaft - Vorrunde 2"]
[Site "Online - Playchess.com"]
[Date ""]
[Round "6"]
[Board "21"]
[White "Wagner, Leopold Franziskus"]
[Black "Schein, Karl-Heinz"]
[Result "0-1"]
[WhiteElo "2168"]
[BlackElo "2187"]
[PlyCount "176"]
[EventDate "2020.04.13"]
[EventRounds "9"]
[EventCountry "AUT"]

1. e4 c5 2. Nf3 d6 3. d4 cxd4 4. Nxd4 Nf6 5. f3 e5 6. Nb3 Nc6 7. c4 Be6 8. Nc3 Be7
9. Be3 O-O 10. Be2 a5 11. Nd5 Bxd5 12. cxd5 Nb4 13. a3 Na6 14. O-O a4 15. Nd2 Nc5
16. Bxc5 dxc5 17. Bb5 Qa5 18. Qe2 Nh5 19. g3 f5 20. Bd3 f4 21. g4 Nf6 22. Nc4 Qc7
23. Nd2 Ne8 24. Rac1 Nd6 25. Qf2 b6 26. h4 h6 27. Nc4 Qd8 28. Nxe5 Bxh4 29. Qc2 Bg3
30. Ng6 Rf6 31. e5 Rxg6 32. Bxg6 Nb5 33. Qc4 Nd4 34. d6+ Kh8 35. Rcd1 Qh4 36. Rd2
Nxf3+ 37. Rxf3 Qxg4 38. Be4 Rf8 39. d7 Be1+ 40. Rg2 Qxd7 41. e6 Qd1 42. Bc2 Qc1 43.
Qe4 Bc3+ 44. Rf1 Bd4+ 45. Qxd4 Qxf1+ 46. Kxf1 cxd4 47. Rf2 g5 48. Ke2 Kg7 49. Kd3
Kf6 50. Kxd4 Kxe6 51. Re2+ Kf6 52. Bxa4 f3 53. Rf2 g4 54. Bc6 Kg5 55. b4 h5 56. b5
h4 57. a4 h3 58. Ke3 Rf6 59. a5 Re6+ 60. Kd4 bxa5 61. Kc5 Re2 62. Rf1 f2 63. b6 Rc2+
64. Kd6 Rb2 65. Kc5 g3 66. Bb5 Rc2+ 67. Kd6 Rb2 68. Kc6 Rc2+ 69. Kd7 Rb2 70. Kc6
Rc2+ 71. Kb7 g2 72. Ka7 gxf1=Q 73. Bxf1 h2 74. b7 Rb2 75. Ka6 a4 76. Bb5 Rxb5 77.
Kxb5 f1=Q+ 78. Kxa4 Qb1 79. Ka5 Qxb7 80. Ka4 Qb6 81. Ka3 Qb5 82. Ka2 Qb4 83. Ka1
Kf4 84. Ka2 Ke3 85. Ka1 Kd3 86. Ka2 Kc2 87. Ka1 h1=Q+ 88. Ka2 Qhb1#  0-1

[Event "1. OEsterreichische Internet Schach Meisterschaft - Vorrunde 2"]
[Site "Online - Playchess.com"]
[Date ""]
[Round "6"]
[Board "22"]
[White "Dreher, David"]
[Black "Haas, Michael"]
[Result "1/2-1/2"]
[WhiteElo "1888"]
[BlackElo "2141"]
[PlyCount "97"]
[EventDate "2020.04.13"]
[EventRounds "9"]
[EventCountry "AUT"]

1. d4 d5 2. Bf4 Nf6 3. e3 c5 4. c3 Nc6 5. Nd2 Bf5 6. Ngf3 e6 7. Be2 Bd6 8. Ne5 O-O
9. O-O Ne4 10. Nxe4 Bxe4 11. Nxc6 bxc6 12. Bxd6 Qxd6 13. Rc1 Rab8 14. b3 Rfc8 15.
dxc5 Qxc5 16. Qd4 Qe7 17. Qa4 Qg5 18. g3 Qe7 19. Rfd1 c5 20. c4 Rd8 21. cxd5 exd5
22. Qa5 Rbc8 23. Bg4 Rc7 24. Bh3 h5 25. Bg2 Bxg2 26. Kxg2 g6 27. Qe1 Rcd7 28. Qe2
d4 29. Rd3 Qe4+ 30. Kg1 Qe5 31. Re1 dxe3 32. Rxe3 Qd6 33. Re8+ Rxe8 34. Qxe8+ Kg7
35. Qe5+ Qxe5 36. Rxe5 Rd1+ 37. Kg2 Ra1 38. Rxc5 Rxa2 39. Rc7 a5 40. Ra7 Ra3 41.
h4 Kf6 42. Rb7 Kg7 43. Kf1 Ra2 44. Rb5 Rb2 45. Rxa5 Rxb3 46. Kg2 Rb2 47. Ra6 Rb3
48. Rc6 Ra3 49. Rb6  1/2-1/2

[Event "1. OEsterreichische Internet Schach Meisterschaft - Vorrunde 2"]
[Site "Online - Playchess.com"]
[Date ""]
[Round "6"]
[Board "23"]
[White "Pirker, Christian"]
[Black "Holzleithner, Johannes"]
[Result "1-0"]
[WhiteElo "2167"]
[BlackElo "1979"]
[PlyCount "111"]
[EventDate "2020.04.13"]
[EventRounds "9"]
[EventCountry "AUT"]

1. e4 e6 2. d3 d5 3. Nd2 c5 4. Ngf3 Nf6 5. g3 b6 6. Bg2 Bb7 7. e5 Nfd7 8. O-O Nc6
9. Re1 Qc7 10. Qe2 Be7 11. Nf1 h6 12. a3 g5 13. h3 Rg8 14. N1h2 h5 15. g4 h4 16.
c3 Ba6 17. b4 Bb7 18. Rb1 cxb4 19. axb4 b5 20. Bd2 Nb6 21. Qd1 Nd7 22. Qe2 Nb6 23.
Qd1 Nd7 24. d4 Nb6 25. Bf1 a6 26. Qc1 Na7 27. Bxg5 Bxg5 28. Nxg5 Rc8 29. Nh7 Rg6
30. Nf6+ Ke7 31. Re3 Nc4 32. Bxc4 Qxc4 33. Qd2 Rh8 34. f4 Nc8 35. Rf1 Nb6 36. Qf2
Qc8 37. Nf3 Nc4 38. Rd3 a5 39. bxa5 Nxa5 40. Nd2 Ba6 41. Rf3 b4 42. cxb4 Bxf1 43.
bxa5 Ba6 44. Kh2 Qc2 45. f5 exf5 46. Nxd5+ Kd8 47. gxf5 Rgg8 48. e6 Qc1 49. e7+ Ke8
50. Nf6+ Kxe7 51. Nxg8+ Rxg8 52. f6+ Kf8 53. d5 Bb7 54. Rf5 Qd1 55. Ne4 Bxd5 56.
Qc5+  1-0

[Event "1. OEsterreichische Internet Schach Meisterschaft - Vorrunde 2"]
[Site "Online - Playchess.com"]
[Date ""]
[Round "6"]
[Board "24"]
[White "Hechl, Gerald"]
[Black "Gschiel, Alexander"]
[Result "0-1"]
[WhiteElo "2333"]
[BlackElo "1908"]
[PlyCount "106"]
[EventDate "2020.04.13"]
[EventRounds "9"]
[EventCountry "AUT"]

1. d4 Nf6 2. Bg5 e6 3. e4 Be7 4. e5 Nd5 5. Bxe7 Qxe7 6. c4 Nb6 7. Nc3 c5 8. Nb5 Na6
9. Nd6+ Kf8 10. dxc5 Nxc5 11. b4 Na6 12. a3 f6 13. Qf3 Kg8 14. Qe4 fxe5 15. Qxe5
Qf6 16. Nf3 Kf8 17. Bd3 Ke7 18. Nf5+ Kf7 19. Nd6+ Ke7 20. Ne4 Qxe5 21. Nxe5 Rf8 22.
O-O d6 23. Nf3 e5 24. Rfe1 Bg4 25. Nfg5 h6 26. Nh3 Bxh3 27. gxh3 Rf3 28. Bf1 Raf8
29. Bg2 R3f4 30. Rad1 Nxc4 31. Ng3 b6 32. Bf1 Nc7 33. Rc1 b5 34. a4 a6 35. axb5 axb5
36. Ne4 Ke6 37. Bxc4+ bxc4 38. Rxc4 Nb5 39. Rc6 Kd5 40. Rb6 Rxe4 41. Rxb5+ Kd4 42.
Rd1+ Kc4 43. Rb7 Ref4 44. Rc1+ Kd5 45. Rxg7 Rxf2 46. Rg6 e4 47. Rd1+ Ke5 48. Rgxd6
e3 49. R6d5+ Ke6 50. Rd6+ Ke5 51. R6d5+ Ke4 52. R1d4+ Kf3 53. Rd3 Rg8+  0-1

[Event "1. OEsterreichische Internet Schach Meisterschaft - Vorrunde 2"]
[Site "Online - Playchess.com"]
[Date ""]
[Round "6"]
[Board "25"]
[White "Hofmann, Thomas"]
[Black "Schroll, Gerhard"]
[Result "1-0"]
[WhiteElo "2215"]
[BlackElo "2321"]
[PlyCount "23"]
[EventDate "2020.04.13"]
[EventRounds "9"]
[EventCountry "AUT"]

1. d4 f5 2. c4 Nf6 3. Nc3 e6 4. g3 Bb4 5. Bg2 O-O 6. Nh3 d6 7. Nf4 Bxc3+ 8. bxc3
Nc6 9. O-O Qe7 10. Ba3 Bd7 11. c5 d5 12. Nd3  1-0

[Event "1. OEsterreichische Internet Schach Meisterschaft - Vorrunde 2"]
[Site "Online - Playchess.com"]
[Date ""]
[Round "6"]
[Board "26"]
[White "Kruckenhauser, Arthur"]
[Black "Charaus, Florian"]
[Result "1-0"]
[WhiteElo "2233"]
[BlackElo "2055"]
[PlyCount "51"]
[EventDate "2020.04.13"]
[EventRounds "9"]
[EventCountry "AUT"]

1. e4 c6 2. c4 d6 3. Nc3 g6 4. d4 Bg7 5. Be3 Nf6 6. Be2 Nbd7 7. h3 e5 8. Nf3 O-O
9. O-O Ne8 10. Qc2 f5 11. exf5 gxf5 12. dxe5 dxe5 13. Rfd1 f4 14. Bc5 Rf6 15. Nxe5
Re6 16. Nxd7 Bxd7 17. Rd2 Qc7 18. Rad1 Nf6 19. Bg4 Nxg4 20. Rxd7 Qe5 21. hxg4 Qxc5
22. Rxb7 Rae8 23. Rdd7 Re1+ 24. Kh2 Be5 25. Qxh7+ Kf8 26. Rf7#  1-0

[Event "1. OEsterreichische Internet Schach Meisterschaft - Vorrunde 2"]
[Site "Online - Playchess.com"]
[Date ""]
[Round "6"]
[Board "27"]
[White "Schumi, Manfred"]
[Black "Guetz, Wolfgang"]
[Result "1-0"]
[WhiteElo "2202"]
[BlackElo "2078"]
[PlyCount "107"]
[EventDate "2020.04.13"]
[EventRounds "9"]
[EventCountry "AUT"]

1. e4 c5 2. Nf3 d6 3. d4 cxd4 4. Nxd4 Nf6 5. Nc3 Nc6 6. Be3 Ng4 7. Bb5 Nxe3 8. fxe3
Bd7 9. Bxc6 bxc6 10. O-O e5 11. Nf5 Bxf5 12. exf5 Be7 13. Kh1 O-O 14. e4 Rb8 15.
b3 Qb6 16. Qh5 Qe3 17. Rf3 Qg5 18. Qxg5 Bxg5 19. Rd1 Rfd8 20. Rfd3 Be7 21. g3 Rb4
22. Kg2 a5 23. a4 Kf8 24. Kf3 Ke8 25. Na2 Rb6 26. Nc3 f6 27. h4 Kf7 28. g4 g6 29.
fxg6+ hxg6 30. Rh1 Rh8 31. Ke2 Rbb8 32. Rdh3 Rbd8 33. Rd1 Rh7 34. Kf3 Ke6 35. Rdh1
d5 36. h5 gxh5 37. Rxh5 Rdh8 38. Rxh7 Rxh7 39. Rxh7 d4 40. Ne2 Bb4 41. Ng3 c5 42.
Nf5 c4 43. bxc4 Bc5 44. Rc7 Bb4 45. Rc6+ Kf7 46. Rc7+ Ke8 47. Ke2 Kd8 48. Rh7 Ke8
49. Kd3 Kf8 50. Rc7 Ke8 51. c5 Kd8 52. Rc6 Kd7 53. Rd6+ Kc7 54. Kc4  1-0

[Event "1. OEsterreichische Internet Schach Meisterschaft - Vorrunde 2"]
[Site "Online - Playchess.com"]
[Date ""]
[Round "6"]
[Board "28"]
[White "Polterauer, Chiara"]
[Black "Novkovic, Julia"]
[Result "1/2-1/2"]
[WhiteElo "2178"]
[BlackElo "2170"]
[PlyCount "62"]
[EventDate "2020.04.13"]
[EventRounds "9"]
[EventCountry "AUT"]

1. e4 e5 2. Nf3 Nc6 3. d4 exd4 4. Nxd4 Nf6 5. Nc3 Bb4 6. Nxc6 bxc6 7. Bd3 d6 8. O-O
Be6 9. h3 h6 10. Ne2 g5 11. Nd4 Bd7 12. c3 Bc5 13. Re1 O-O 14. e5 dxe5 15. Rxe5 Bd6
16. Re1 c5 17. Nf5 Bxf5 18. Bxf5 Kg7 19. Be3 Re8 20. Qf3 Re5 21. Rad1 Qe7 22. Bd2
Re8 23. Re3 Rxe3 24. Bxe3 Qe5 25. g3 Re7 26. Kg2 c4 27. Bb1 c5 28. Re1 Qd5 29. Rd1
Qe5 30. Re1 Qd5 31. Rd1 Qe5  1/2-1/2

[Event "1. OEsterreichische Internet Schach Meisterschaft - Vorrunde 2"]
[Site "Online - Playchess.com"]
[Date ""]
[Round "6"]
[Board "29"]
[White "Waldner, Alois"]
[Black "Doskocil, Klaus"]
[Result "1-0"]
[WhiteElo "2018"]
[BlackElo "2157"]
[PlyCount "101"]
[EventDate "2020.04.13"]
[EventRounds "9"]
[EventCountry "AUT"]

1. e4 c5 2. Nc3 Nc6 3. Bb5 g6 4. Bxc6 bxc6 5. f4 Bg7 6. Nf3 e6 7. O-O Ne7 8. d3 O-O
9. Qe1 f5 10. e5 d5 11. Na4 c4 12. d4 Kh8 13. Nc5 Ng8 14. a4 a5 15. Bd2 Qc7 16. Bc3
Nh6 17. Ng5 Re8 18. Ra3 Nf7 19. h4 h5 20. Nxf7+ Qxf7 21. Bxa5 Bh6 22. g3 Bf8 23.
Bb4 Qa7 24. a5 Ba6 25. Nxa6 Qxa6 26. Bxf8 Rxf8 27. Qb4 Qa7 28. c3 Rfe8 29. Qb6 Qd7
30. Rf2 Kg7 31. a6 Kf7 32. a7 Rec8 33. Ra6 Qc7 34. Qc5 Qb7 35. Rb6 Rc7 36. Rxb7 Rxb7
37. Qxc6 Raxa7 38. Kg2 Rc7 39. Qd6 Rd7 40. Qb8 Rdb7 41. Qd8 Rd7 42. Qf6+ Ke8 43.
Qxe6+ Kd8 44. Qxg6 Rdb7 45. Qxh5 Ra2 46. Qg5+ Kc8 47. Qxf5+ Kb8 48. Qf8+ Ka7 49.
e6 Rbxb2 50. Rxb2 Rxb2+ 51. Kh3  1-0

[Event "1. OEsterreichische Internet Schach Meisterschaft - Vorrunde 2"]
[Site "Online - Playchess.com"]
[Date ""]
[Round "6"]
[Board "30"]
[White "Nolz, Tom"]
[Black "Flir, Emilio"]
[Result "1-0"]
[WhiteElo "2157"]
[BlackElo "1843"]
[PlyCount "61"]
[EventDate "2020.04.13"]
[EventRounds "9"]
[EventCountry "AUT"]

1. c4 Nf6 2. g4 Nxg4 3. e4 d6 4. Be2 Nf6 5. Nc3 g6 6. h4 Bg7 7. h5 Nfd7 8. d4 c5
9. Be3 Nc6 10. h6 Bxd4 11. Nf3 Bxe3 12. fxe3 Nde5 13. Nxe5 Nxe5 14. Qb3 b6 15. O-O-O
Bg4 16. Bxg4 Nxg4 17. Nd5 Nf2 18. Qc3 e5 19. Rhf1 Nxd1 20. Kxd1 Qg5 21. Nc7+ Ke7
22. Qa3 Qg4+ 23. Ke1 Qxe4 24. Nd5+ Kd7 25. Nf6+ Kc6 26. Nxe4 f5 27. Qa4+ Kc7 28.
Nf6 Rhf8 29. Nd5+ Kd8 30. Qc6 Rc8 31. Qxd6+  1-0

[Event "1. OEsterreichische Internet Schach Meisterschaft - Vorrunde 2"]
[Site "Online - Playchess.com"]
[Date ""]
[Round "6"]
[Board "31"]
[White "Pedevilla, Luis"]
[Black "Trippold, Denise"]
[Result "0-1"]
[WhiteElo "1650"]
[BlackElo "2150"]
[PlyCount "118"]
[EventDate "2020.04.13"]
[EventRounds "9"]
[EventCountry "AUT"]

1. e4 c5 2. Nc3 e6 3. f4 d5 4. e5 Nh6 5. Nf3 g6 6. Bb5+ Bd7 7. Bxd7+ Qxd7 8. O-O
Bg7 9. d4 b6 10. a4 O-O 11. Nb5 Nc6 12. Nd6 cxd4 13. Nxd4 Nxd4 14. Qxd4 Qxd6 15.
Be3 Qc7 16. c3 Nf5 17. Qd3 Nxe3 18. Qxe3 Qc5 19. Qd4 Rfc8 20. g4 Bf8 21. Kh1 Qxd4
22. cxd4 Rc2 23. b3 Rac8 24. Rab1 Rd2 25. Rfd1 Rcc2 26. Rxd2 Rxd2 27. f5 Rxd4 28.
h3 Re4 29. fxe6 fxe6 30. Rf1 Rxe5 31. Rf6 Re2 32. Kg1 Be7 33. Rf3 e5 34. Kf1 Rb2
35. Ke1 Bb4+ 36. Kd1 e4 37. Re3 Rd2+ 38. Kc1 Rh2 39. Kd1 Rd2+ 40. Kc1 Rd3 41. Re2
Rxb3 42. Kc2 Rc3+ 43. Kb2 e3 44. h4 d4 45. h5 Rd3 46. Kc2 Rd2+ 47. Rxd2 Bxd2 48.
Kd3 gxh5 49. gxh5 Kf7 50. Ke2 Ke6 51. Kd3 Ke5 52. Ke2 Ke4 53. h6 d3+ 54. Kd1 Bb4
55. a5 e2+ 56. Kc1 e1=Q+ 57. Kb2 Qc3+ 58. Kb1 Qc2+ 59. Ka1 Bc3#  0-1

[Event "1. OEsterreichische Internet Schach Meisterschaft - Vorrunde 2"]
[Site "Online - Playchess.com"]
[Date ""]
[Round "6"]
[Board "32"]
[White "Froewis, Annika"]
[Black "Hofstadler, Mario"]
[Result "1-0"]
[WhiteElo "2136"]
[BlackElo "1867"]
[PlyCount "61"]
[EventDate "2020.04.13"]
[EventRounds "9"]
[EventCountry "AUT"]

1. e4 c6 2. d4 d5 3. Nc3 dxe4 4. Nxe4 Nd7 5. Nf3 Ngf6 6. Ng3 c5 7. Bc4 e6 8. O-O
Be7 9. c3 O-O 10. Re1 b6 11. Bg5 Bb7 12. Qe2 Rc8 13. Bb3 h6 14. Bf4 Nd5 15. Bd2 N7f6
16. Rad1 cxd4 17. Nxd4 Qc7 18. a3 Bc5 19. Nb5 Qb8 20. Bc2 a6 21. Nd4 Bxd4 22. Bxh6
Bxc3 23. Bxg7 Kxg7 24. bxc3 Nxc3 25. Qe3 Nh7 26. Rd4 f5 27. Qxe6 Rf6 28. Nh5+ Kg6
29. Nxf6 Nxf6 30. Qxf5+ Kf7 31. Rd7+  1-0

[Event "1. OEsterreichische Internet Schach Meisterschaft - Vorrunde 2"]
[Site "Online - Playchess.com"]
[Date ""]
[Round "6"]
[Board "33"]
[White "Moritz, Christian"]
[Black "Werdecker, Roland"]
[Result "0-1"]
[WhiteElo "2077"]
[BlackElo "1960"]
[PlyCount "56"]
[EventDate "2020.04.13"]
[EventRounds "9"]
[EventCountry "AUT"]

1. d4 d5 2. Bf4 Nf6 3. e3 Bf5 4. c4 Nc6 5. a3 e6 6. c5 Be7 7. b4 O-O 8. Nc3 a6 9.
h3 Ne4 10. Nxe4 Bxe4 11. f3 Bg6 12. Qb3 Bg5 13. Ne2 Bxf4 14. Nxf4 Nxd4 15. exd4 Qh4+
16. Kd2 Qxf4+ 17. Qe3 Qf6 18. Bd3 Bxd3 19. Kxd3 Rfe8 20. Rae1 Qg6+ 21. Kc3 b5 22.
g4 a5 23. Ra1 Ra7 24. f4 Rea8 25. Rab1 axb4+ 26. axb4 Ra2 27. Rb2 R8a3+ 28. Rb3 Qc2#
 0-1

[Event "1. OEsterreichische Internet Schach Meisterschaft - Vorrunde 2"]
[Site "Online - Playchess.com"]
[Date ""]
[Round "6"]
[Board "34"]
[White "Haas, Gerald"]
[Black "Ehs, Dominik"]
[Result "1/2-1/2"]
[WhiteElo "1906"]
[BlackElo "2070"]
[PlyCount "163"]
[EventDate "2020.04.13"]
[EventRounds "9"]
[EventCountry "AUT"]

1. c4 Nf6 2. Nc3 g6 3. d4 d6 4. b3 Bg7 5. Bb2 O-O 6. Nf3 Nbd7 7. e4 e5 8. dxe5 dxe5
9. Qc2 c6 10. O-O-O Qe7 11. Kb1 Nc5 12. Be2 Nfxe4 13. Nxe4 Nxe4 14. Bd3 Nc5 15. Ka1
Nxd3 16. Qxd3 e4 17. Qe3 Bxb2+ 18. Kxb2 Qf6+ 19. Qd4 Qxd4+ 20. Nxd4 Bg4 21. Rde1
f5 22. f3 exf3 23. gxf3 Bh5 24. Rhg1 c5 25. Ne6 Rf7 26. f4 Re7 27. Nxc5 Rae8 28.
Nd3 Bf3 29. Ne5 Be4 30. h4 Kg7 31. h5 Re6 32. hxg6 hxg6 33. Rg5 Rd8 34. Reg1 Rd2+
35. Kc3 Rc2+ 36. Kb4 Rb6+ 37. Kc5 Rxa2 38. b4 Re6 39. Nxg6 b6+ 40. Kd4 Rd2+ 41. Kc3
Rd3+ 42. Kb2 Rd2+ 43. Ka1 Rg2 44. R1xg2 Bxg2 45. Nh4+ Kf7 46. Rxg2 Re1+ 47. Kb2 Re4
48. Nxf5 Rxf4 49. Nd6+ Ke6 50. Nc8 Rxc4 51. Nxa7 Rxb4+ 52. Ka3 Rb1 53. Rg7 b5 54.
Ka2 Rb4 55. Nc6 Ra4+ 56. Kb3 Kd6 57. Nb4 Ra1 58. Kb2 Rf1 59. Nc2 Kc5 60. Rg5+ Kb6
61. Kc3 Rf3+ 62. Kd4 Ka5 63. Ne3 Rf2 64. Nd5 Rd2+ 65. Ke5 Re2+ 66. Kd6 Rd2 67. Rg8
b4 68. Ra8+ Kb5 69. Rb8+ Kc4 70. Rxb4+ Kd3 71. Kc5 Rc2+ 72. Kb5 Rc1 73. Nf4+ Ke3
74. Ng2+ Kf2 75. Nh4 Kg3 76. Nf5+ Kf3 77. Nd4+ Kg2 78. Nb3 Rf1 79. Nd2 Rf5+ 80. Kc4
Rf4+ 81. Kc3 Rxb4 82. Kxb4  1/2-1/2

[Event "1. OEsterreichische Internet Schach Meisterschaft - Vorrunde 2"]
[Site "Online - Playchess.com"]
[Date ""]
[Round "6"]
[Board "35"]
[White "Prinz, Hubert"]
[Black "Milanollo, Mario"]
[Result "1/2-1/2"]
[WhiteElo "1956"]
[BlackElo "2053"]
[PlyCount "173"]
[EventDate "2020.04.13"]
[EventRounds "9"]
[EventCountry "AUT"]

1. d4 d5 2. Nf3 Nf6 3. e3 c6 4. Bd3 Bg4 5. c4 e6 6. cxd5 exd5 7. Qb3 Qb6 8. Ne5 Bc8
9. O-O Nbd7 10. Nxd7 Bxd7 11. Qc2 Bd6 12. Bd2 O-O 13. b3 Rfe8 14. Nc3 Qc7 15. h3
Re6 16. Bf5 Re7 17. Rae1 Rae8 18. Bd3 Ne4 19. Bxe4 dxe4 20. Rc1 Bf5 21. d5 Re5 22.
dxc6 bxc6 23. Na4 Bd7 24. Bc3 Rg5 25. f4 exf3 26. Rxf3 Bh2+ 27. Kh1 Be5 28. Nc5 Bc8
29. Bxe5 Qxe5 30. Nd3 Qe4 31. Nf4 Bf5 32. Qxc6 Qxc6 33. Rxc6 Be4 34. Rc7 Bxf3 35.
gxf3 h5 36. e4 Rd8 37. Nd5 f5 38. Ne7+ Kf8 39. Nxf5 Rd1+ 40. Kh2 Rd2+ 41. Kh1 Rd1+
42. Kh2 Rd2+ 43. Kh1 Rxa2 44. Nd6 Ra1+ 45. Kh2 Ra2+ 46. Kh1 Ra1+ 47. Kh2 h4 48. Rc8+
Ke7 49. Nf5+ Kd7 50. Rc2 Rb1 51. Nxh4 Rxb3 52. Rd2+ Kc7 53. Ra2 Kb6 54. Rd2 a5 55.
Rd8 a4 56. Ra8 Rb2+ 57. Kh1 Rb1+ 58. Kh2 Rb2+ 59. Kh1 Rb1+ 60. Kh2 Ra1 61. f4 Rc5
62. Kg3 Ra3+ 63. Kg4 Rcc3 64. Kf5 Rxh3 65. Ng6 Rh5+ 66. Ke6 Ra5 67. Rb8+ Kc7 68.
Rb1 Rb3 69. Rc1+ Kb7 70. Ne5 Rb6+ 71. Kf5 a3 72. Kg4 a2 73. Nc4 a1=Q 74. Rxa1 Rxa1
75. Nxb6 Kxb6 76. Kf5 Kc6 77. Kg6 Rg1+ 78. Kf5 Kd6 79. e5+ Kd5 80. e6 Re1 81. Kg6
Rxe6+ 82. Kxg7 Ke4 83. f5 Ra6 84. f6 Kf5 85. f7 Ra7 86. Kg8 Rxf7 87. Kxf7  1/2-1/2

[Event "1. OEsterreichische Internet Schach Meisterschaft - Vorrunde 2"]
[Site "Online - Playchess.com"]
[Date ""]
[Round "6"]
[Board "36"]
[White "Meglitsch, Konstantin"]
[Black "Weichhart, Daniel"]
[Result "1-0"]
[WhiteElo "2041"]
[BlackElo "1648"]
[PlyCount "59"]
[EventDate "2020.04.13"]
[EventRounds "9"]
[EventCountry "AUT"]

1. e4 e5 2. Nf3 Nf6 3. Nxe5 d6 4. Nf3 Nxe4 5. Nc3 Nxc3 6. dxc3 Be7 7. Be3 Nc6 8.
Qd2 Bg4 9. Be2 Qd7 10. O-O-O O-O-O 11. h3 Be6 12. Kb1 Kb8 13. Bb5 a6 14. Ba4 b5 15.
Bb3 Bxb3 16. axb3 Bf6 17. Nd4 Nxd4 18. Bxd4 Bxd4 19. Qxd4 f6 20. c4 Rhe8 21. Rhe1
bxc4 22. Qxc4 Qb5 23. Qf7 Rxe1 24. Rxe1 Qb4 25. Qe7 Ka7 26. Re4 Qb8 27. Rc4 Re8 28.
Rxc7+ Kb6 29. Qxd6+ Kb5 30. Qc5#  1-0

[Event "1. OEsterreichische Internet Schach Meisterschaft - Vorrunde 2"]
[Site "Online - Playchess.com"]
[Date ""]
[Round "6"]
[Board "37"]
[White "Kozissnik, Christian"]
[Black "Kucharski, Michael"]
[Result "1-0"]
[WhiteElo "2023"]
[BlackElo "1927"]
[PlyCount "53"]
[EventDate "2020.04.13"]
[EventRounds "9"]
[EventCountry "AUT"]

1. c4 e5 2. e3 Nc6 3. d4 d5 4. cxd5 Qxd5 5. Nc3 Qd8 6. Bb5 exd4 7. Qxd4 Qxd4 8. exd4
Bd7 9. d5 Ne5 10. Bxd7+ Kxd7 11. Nf3 Nxf3+ 12. gxf3 Nf6 13. Be3 Bb4 14. O-O-O Bxc3
15. bxc3 b6 16. Rhg1 g6 17. Bd4 Nh5 18. Bxh8 Rxh8 19. Rg4 f5 20. Ra4 a5 21. Re1 Rf8
22. Kd2 Rf7 23. Re3 g5 24. h4 h6 25. Re6 Nf4 26. Rxh6 gxh4 27. Rxf4  1-0

[Event "1. OEsterreichische Internet Schach Meisterschaft - Vorrunde 2"]
[Site "Online - Playchess.com"]
[Date ""]
[Round "6"]
[Board "38"]
[White "Ressmann, Walter"]
[Black "Knoll, Martin"]
[Result "1/2-1/2"]
[WhiteElo "1868"]
[BlackElo "2018"]
[PlyCount "36"]
[EventDate "2020.04.13"]
[EventRounds "9"]
[EventCountry "AUT"]

1. d4 f5 2. Nf3 Nf6 3. b3 g6 4. Bb2 Bg7 5. e3 O-O 6. Nbd2 c6 7. c4 d6 8. Qc2 Qe8
9. Be2 a5 10. O-O Nbd7 11. Rad1 e5 12. dxe5 dxe5 13. Nb1 e4 14. Ne1 Ne5 15. Na3 Qe7
16. Nb1 Qe8 17. Na3 Qe7 18. Nb1 Qe8  1/2-1/2

[Event "1. OEsterreichische Internet Schach Meisterschaft - Vorrunde 2"]
[Site "Online - Playchess.com"]
[Date ""]
[Round "6"]
[Board "39"]
[White "Sulzbacher, Michael"]
[Black "Wimmer, Kevin"]
[Result "1/2-1/2"]
[WhiteElo "2018"]
[BlackElo "1944"]
[PlyCount "66"]
[EventDate "2020.04.13"]
[EventRounds "9"]
[EventCountry "AUT"]

1. b3 e5 2. Bb2 Nc6 3. g3 Nf6 4. Bg2 d5 5. e3 Be6 6. Ne2 Be7 7. f4 e4 8. O-O Qd7
9. Nd4 Nxd4 10. Bxd4 Bh3 11. Qe2 h5 12. Nc3 c6 13. Nd1 h4 14. Nf2 Bxg2 15. Kxg2 hxg3
16. hxg3 c5 17. Be5 O-O-O 18. Rh1 Qe6 19. Qb5 Bd6 20. Bxf6 Qxf6 21. c3 g5 22. Rxh8
Rxh8 23. Rh1 Rxh1 24. Kxh1 gxf4 25. Qe8+ Kc7 26. exf4 Qg6 27. Kh2 Qh5+ 28. Nh3 Qe2+
29. Kh1 Qf3+ 30. Kh2 Qe2+ 31. Kg1 Qd1+ 32. Kg2 Qf3+ 33. Kh2 Qe2+  1/2-1/2

[Event "1. OEsterreichische Internet Schach Meisterschaft - Vorrunde 2"]
[Site "Online - Playchess.com"]
[Date ""]
[Round "6"]
[Board "40"]
[White "Katter, Katharina"]
[Black "Tauber, Andreas"]
[Result "0-1"]
[WhiteElo "1930"]
[BlackElo "1972"]
[PlyCount "104"]
[EventDate "2020.04.13"]
[EventRounds "9"]
[EventCountry "AUT"]

1. d4 Nf6 2. Nf3 c5 3. e3 d5 4. b3 Nc6 5. Bb2 Bg4 6. Be2 cxd4 7. exd4 Ne4 8. h3 Bd7
9. O-O e6 10. Nbd2 f5 11. Ne5 g6 12. c4 Bg7 13. Nxe4 fxe4 14. Nxc6 bxc6 15. Ba3 Rc8
16. Bc5 Qa5 17. Bg4 h5 18. Be2 e5 19. b4 Qc7 20. cxd5 cxd5 21. Rc1 Qb7 22. dxe5 Bxe5
23. f4 Bg7 24. Qb3 Be6 25. a4 Rxc5 26. Rxc5 Bd4+ 27. Kh2 Bxc5 28. Bb5+ Ke7 29. bxc5
Rb8 30. Qb4 Qc7 31. Rc1 a6 32. c6+ Kf7 33. Qc5 axb5 34. axb5 Qb6 35. c7 Qxc5 36.
Rxc5 Re8 37. b6 Bc8 38. Rxd5 e3 39. Rd1 e2 40. Re1 Ba6 41. Kg3 Ke7 42. Kf2 Kd7 43.
g4 hxg4 44. hxg4 Kc6 45. f5 gxf5 46. gxf5 Kxb6 47. Kg3 Kxc7 48. Kf4 Rd8 49. Rc1+
Kd6 50. f6 Ke6 51. Rc6+ Rd6 52. Rc8 Bxc8  0-1

[Event "1. OEsterreichische Internet Schach Meisterschaft - Vorrunde 2"]
[Site "Online - Playchess.com"]
[Date ""]
[Round "6"]
[Board "41"]
[White "Hochwarter, Martin"]
[Black "Steirer, Gerhard"]
[Result "1/2-1/2"]
[WhiteElo "1932"]
[BlackElo "1854"]
[PlyCount "60"]
[EventDate "2020.04.13"]
[EventRounds "9"]
[EventCountry "AUT"]

1. d4 f5 2. g3 Nf6 3. Bg2 e6 4. c4 d5 5. cxd5 exd5 6. Nc3 c6 7. Nf3 Bd6 8. O-O O-O
9. b3 Ne4 10. Bb2 Nd7 11. e3 Ndf6 12. Ne5 Nd7 13. f3 Nef6 14. Qd3 Nxe5 15. dxe5 Bxe5
16. Rad1 Qc7 17. Rc1 Bxg3 18. hxg3 Qxg3 19. Ne2 Qg5 20. Kf2 Nh5 21. Rg1 Re8 22. Qd4
f4 23. e4 dxe4 24. Rc5 Qh4+ 25. Kf1 Be6 26. Rxh5 Qe7 27. Rg5 Qxg5 28. Nxf4 Rad8 29.
Nxe6 Rxe6 30. Qc3 Qe7  1/2-1/2

[Event "1. OEsterreichische Internet Schach Meisterschaft - Vorrunde 2"]
[Site "Online - Playchess.com"]
[Date ""]
[Round "6"]
[Board "42"]
[White "Gartmayer, Stefan"]
[Black "Guba, Viktor"]
[Result "1-0"]
[WhiteElo "1914"]
[BlackElo "1401"]
[PlyCount "81"]
[EventDate "2020.04.13"]
[EventRounds "9"]
[EventCountry "AUT"]

1. d4 Nf6 2. Nf3 g6 3. c4 Bg7 4. Nc3 O-O 5. e4 d6 6. Be2 e5 7. Be3 Nbd7 8. d5 h6
9. Nd2 Ne8 10. b4 b6 11. c5 bxc5 12. bxc5 Nxc5 13. Rc1 Nd7 14. Bb5 Qe7 15. Bc6 Rb8
16. Bxa7 Rb2 17. Rc2 Rxc2 18. Qxc2 f5 19. O-O Ndf6 20. f3 f4 21. a4 g5 22. Qd3 g4
23. Bf2 gxf3 24. Nxf3 Ng4 25. h3 Nxf2 26. Kxf2 Nf6 27. a5 Bd7 28. Qb5 Bxc6 29. dxc6
Nh5 30. Nd5 Qd8 31. Qb7 Ng3 32. Re1 Rf7 33. a6 Rf8 34. a7 Qa8 35. Nxc7 Qxb7 36. cxb7
Nxe4+ 37. Rxe4 d5 38. Rxe5 Bxe5 39. Nxe5 d4 40. b8=Q Rxb8 41. axb8=Q+  1-0